Tribe v Tribe (Record no. 3992)
[ view plain ]
| 000 -LEADER | |
|---|---|
| fixed length control field | 01483cab a2200241 4500 |
| 001 - CONTROL NUMBER | |
| control field | ABS53809 |
| 008 - FIXED-LENGTH DATA ELEMENTS--GENERAL INFORMATION | |
| fixed length control field | 090401t1995 xxu||||| |||| 00| 0 eng d |
| 035 ## - SYSTEM CONTROL NUMBER | |
| System control number | (Sirsi) u6699 |
| 041 ## - LANGUAGE CODE | |
| Language code of text/sound track or separate title | eng |
| 245 ## - TITLE STATEMENT | |
| Title | Tribe v Tribe |
| 260 ## - PUBLICATION, DISTRIBUTION, ETC. | |
| Date of publication, distribution, etc. | 1995 |
| 350 ## - PRICE (NR) (BK AM CF MU VM SE) [OBSOLETE] | |
| Price | 0 |
| 490 ## - SERIES STATEMENT | |
| Series statement | New Law Journal |
| Volume/sequential designation | 145(6714) 6 October 1995, 1445 |
| 520 ## - SUMMARY, ETC. | |
| Summary, etc. | CA 26 July 1995. A father who was the main shareholder of a clothing company and tenant of a number of shops which the company occupied, transferred his shares to one of his sons in order to safeguard his interests, following the serving of notices of dilapidations on two of the shops. The landlord of one of the shops then accepted a surrender of the lease, and the tenant purchased the revision of the lease on the other. He then wished to restore his shareholding position, but the son refused to transfer the shares back to him. The father issued a writ, upheld in the court below, that claimed his son had been holding the shares as bare trustee, with agreement to return them upon demand or when the dispute over dilapidations had been resolved. The son denied this agreement. Appeal dismissed, finding that property transfered for illegal purposes can be recovered where those purposes are not carried out. |
| 650 ## - SUBJECT ADDED ENTRY--TOPICAL TERM | |
| Topical term or geographic name entry element | BARE TRUSTEES |
| 650 ## - SUBJECT ADDED ENTRY--TOPICAL TERM | |
| Topical term or geographic name entry element | PRESUMPTION OF ADVANCEMENT |
| 650 ## - SUBJECT ADDED ENTRY--TOPICAL TERM | |
| Topical term or geographic name entry element | SHAREHOLDINGS |
| 650 ## - SUBJECT ADDED ENTRY--TOPICAL TERM | |
| Topical term or geographic name entry element | TRANSFER OF SHARES |
| 650 ## - SUBJECT ADDED ENTRY--TOPICAL TERM | |
| Topical term or geographic name entry element | TRIBE V TRIBE |
| 690 ## - LOCAL SUBJECT ADDED ENTRY--TOPICAL TERM (OCLC, RLIN) | |
| Topical term or geographic name as entry element | LAW-CASE LAW |
| 942 ## - ADDED ENTRY ELEMENTS (KOHA) | |
| Suppress in OPAC | 0 |
| 948 ## - LOCAL PROCESSING INFORMATION (OCLC); SERIES PART DESIGNATOR (RLIN) | |
| c (OCLC) | 04/03/1997 |
| Withdrawn status | Lost status | Source of classification or shelving scheme | Damaged status | Not for loan | Home library | Current library | Shelving location | Date acquired | Total Checkouts | Full call number | Barcode | Date last seen | Copy number | Price effective from | Koha item type |
|---|---|---|---|---|---|---|---|---|---|---|---|---|---|---|---|
| Dewey Decimal Classification | London | London | Journal article | 14/09/1999 | ABS53809 | 6699-1001 | 06/08/2019 | 1 | 06/08/2019 | Law report |